| 000 | 01194nam a22002417a 4500 | ||
|---|---|---|---|
| 001 | 5658 | ||
| 003 | FISKH | ||
| 005 | 20250123100307.0 | ||
| 008 | 250109b cb ||||| |||| 00| 0 eng d | ||
| 020 | _a9780521893503 | ||
| 040 |
_aFISKH _beng _cFISKH _dFISKH |
||
| 050 | _aPZ7 | ||
| 082 | _a910 | ||
| 100 | _aMcAleavy, Tony | ||
| 245 |
_aTwentieth century history : _bInternational relations since 1919 / _cby Tony McAleavy |
||
| 260 |
_aCambridge : _bCambridge University Press , _c1996. |
||
| 300 |
_a176 pages : _bcolor illustrations , maps ; _c28 cm . |
||
| 520 | _aCambridge IGCSE Twentieth Century History covers the Cambridge IGCSE History syllabus and relates to the Twentieth Century core content. The theme of the book is International Relations from 1919 to the end of the 20th century. Lively and accessible text is based around lead questions matching those in the Cambridge IGCSE syllabus. Essential knowledge is provided through background briefings, analysis of issues through investigations and review sections to provide opportunities for revision. | ||
| 650 |
_aSecondary _vNon-fiction |
||
| 700 |
_aBall, Gerry _eillustrator |
||
| 942 |
_2ddc _cBK _n0 |
||
| 999 |
_c5658 _d5658 |
||